000 00297nam a2200121Ia 4500
999 _c14311
_d14311
008 260210s9999 xx 000 0 und d
020 _a9781682866849
082 _a624.1762
100 _aPeters
245 0 _aEarthquake Engineering: Modeling and Analysis
260 _bSyrawood
942 _cUG
_2ddc